000 00718nam a2200205Ia 4500
003 IN-BaIIA
008 211028s9999 xx 000 0 eng d
040 _cIIA Library
080 _a082.2:52
_bIAU-C42
245 4 _aThe interaction of variable stars with their environment
_cedited by R. Kippenhahn, J. Rahe and W. Strohmeier.
260 _aBamberg
_bAstronomisches Institut Der Universitat Erlangen-Nurnberg
_c1977
300 _a[various pagings.]
650 _aAstronomy and astrophysics thesaurus
650 _aInteracting binary stars
_910096
650 _aVariable stars
_91140
700 _aKippenhahn, R., ed.
_910097
700 _aRahe, J., ed.
_910098
700 _aStrohmeier, W.,ed.
_910099
942 _cBK
999 _c5830
_d5830